书目信息 |
| 题名: |
最新中文之星使用指南
|
|
| 作者: | 沙颂、吉燕 编著 | |
| 分册: | ||
| 出版信息: | 北京 电子工业出版社 1998.08 |
|
| 页数: | 404页 | |
| 开本: | 16开 | |
| 丛书名: | ||
| 单 册: | ||
| 中图分类: | TP316.9 | |
| 科图分类: | ||
| 主题词: | 软件 | |
| 电子资源: | ||
| ISBN: | 7-5053-4743-8 | |
| 000 | 00580nam0 2200193 45 | |
| 001 | 0003281027 | |
| 005 | 20000328103046.3 | |
| 010 | @a7-5053-4743-8@d38.00元 | |
| 100 | @a20000328d1998 km y0chiy0120 ea | |
| 101 | @achi | |
| 105 | @a z 000yy | |
| 200 | 1 | @a最新中文之星使用指南@AZui Xin Zhong Wen Zhi Xing Shi Yong Zhi Nan@f沙颂、吉燕编著@FSha Song、Ji Yan Bian Zhu |
| 210 | @a北京@c电子工业出版社@d1998.08 | |
| 215 | @a404页@d16开 | |
| 606 | 0 | @a软件 |
| 690 | @aTP316.9@v3 | |
| 701 | @a沙颂、吉燕@4编著 | |
| 801 | @aCN@bPftUser@c20000328 | |
| 905 | @f1@b51826@dTP316.9@eSH.304 | |
| 最新中文之星使用指南/沙颂、吉燕编著.-北京:电子工业出版社,1998.08 |
| 404页;16开 |
| ISBN 7-5053-4743-8:38.00元 |
| ● |
| 相关链接 |
|
|
|
正题名:最新中文之星使用指南
索取号:TP316.9/SH.304
 
预约/预借
| 序号 | 登录号 | 条形码 | 馆藏地/架位号 | 状态 | 备注 |
| 1 | 51826 | 200518261 | 期刊室512/301自科库 53排1列4层/ [索取号:TP316.9/SH.304] | 在馆 |